| 000 | 00715nam a2200217Ia 4500 | ||
|---|---|---|---|
| 003 | GCL | ||
| 005 | 20240530103434.0 | ||
| 008 | 140319s9999 xx 000 0 ara d | ||
| 040 |
_aGCL / _cGCL |
||
| 082 | 0 | 4 |
_a388.46 _bق/م ت _221 |
| 100 | 1 | _aمحمد سيد كيلانى | |
| 245 | 1 | 0 |
_aترام القاهرة : _cمحمد سيد كيلانى _bدراسة ، تاريخية ، اجتماعية ، ادبية / |
| 260 |
_aالقاهرة : _bدار الفرجانى |
||
| 300 |
_a143 ص ، _c16 سم |
||
| 650 | 0 | 4 | _aمرافق الخدمة العامة |
| 650 | 0 | 4 | _aالقاهرة |
| 650 | 0 | 4 | _aالنقل العام |
| 650 | 0 | 4 | _aالترام |
| 650 | 0 | 4 | _aالقاهرة - تاريخ |
| 942 |
_2ddc _cBK |
||
| 999 |
_c39379 _d39379 |
||